| 000 | 01004nmm a2200289 a 4500 | ||
|---|---|---|---|
| 001 | ocm0001864867 | ||
| 003 | TR-IsHL | ||
| 005 | 20201028172523.0 | ||
| 008 | 180603s2017 tu tur | ||
| 007 | cr cn | ||
| 020 | _a9786052015643 | ||
| 035 |
_a1864867 _b(N$T) |
||
| 050 | 0 | 4 |
_aZ845.T9 _bK66 2017 2017 |
| 090 | 0 | 4 |
_aZ845.T9 _bK66 2017 2017 |
| 100 | 1 | _aKonya, Ümit | |
| 245 | 1 | 0 |
_aYerel yönetimler ve kütüphane hizmetleri: İstanbul'da belediye kütüphaneleri _h[electronic resource] / _cÜmit Konya |
| 250 | _aBirinci basım | ||
| 260 |
_aİstanbul : _bHiperlink Yayınları, _c2017 |
||
| 300 | _a105 p. | ||
| 500 |
_aKaynakça var. _x |
||
| 650 | 4 | _aKütüphanecilik | |
| 650 | 4 | _aLibrary Science | |
| 650 | 0 | _aBelediye kütüphaneleri | |
| 650 | 0 | _aLibraries and community | |
| 650 | 7 |
_aLANGUAGE ARTS & DISCIPLINES / Library & Information Science / General _2bisacsh |
|
| 856 | 4 | 0 | _uhttp://search.ebscohost.com/login.aspx?direct=true&scope=site&db=e011xww&AN=1864867 |
| 999 |
_c17241 _d17241 |
||